¿Qué es el hombre para que te acuerdes de él?: Genética y naturaleza humana

Uloženo v:
Podrobná bibliografie
Hlavní autor: Lejeune, Jerome
Médium: Kniha
Jazyk:angličtina
španělština
Vydáno: Madrid, España Universitas 2013
Témata:
Tagy: Přidat tag
Žádné tagy, Buďte první, kdo vytvoří štítek k tomuto záznamu!

MARC

LEADER 00000nam a22000007a 4500
003 CL-VaPUC
005 20210831074558.0
008 200122b ||||| |||| 00| 0 eng d
999 |c 379571  |d 379569 
020 |a 9788493640958 
040 |c Pontificia Universidad Católica de Valparaíso 
041 0 |a spa 
082 |a 150 LEJ 2013 
100 1 |a Lejeune, Jerome  |9 611743 
245 1 0 |a ¿Qué es el hombre para que te acuerdes de él?:  |b  Genética y naturaleza humana 
260 3 |a Madrid, España  |b Universitas  |c 2013 
300 |a 83 páginas 
505 0 |a Introducción. Jerome Lejeune científico, médico, cristiano. El síndrome de Down. El descubrimiento. Un bien para todos. En nombre de la verdad. La genética avanza. Conocer para curar o para seleccionar. Únicos, impredecibles, insustituibles. Qué es el hombre. Para recordar y continuar. 
583 |c 20200122  |k Daniel Castañeda 
650 0 0 |a Naturaleza humana   |9 308593 
650 0 0 |a Genética  |9 259443 
650 0 0 |a Investigación científica  |9 259857 
942 |2 ddc  |c BK 
952 |0 0  |1 0  |2 ddc  |4 0  |6 150_000000000000000_LEJ_2013  |7 0  |8 A  |9 500151  |a BIBTEO  |b BIBTEO  |d 2020-01-22  |i 5615410  |o 150 LEJ 2013  |p 5615410  |r 2025-01-17  |t 1  |w 2020-01-22  |y BK  |k ICR